[Event "Team men HL chess 2018"]
[Site "Sochi"]
[Date "2018.05.09"]
[Round "8.1"]
[White "Novikov, Konstantin"]
[Black "Gusarov, Grigory"]
[Result "1/2-1/2"]
[WhiteElo "2255"]
[BlackElo "2367"]
[PlyCount "64"]
[EventDate "2018.05.01"]

1. e4 e6 2. d4 d5 3. e5 c5 4. c3 Nc6 5. Nf3 Qb6 6. a3 Nh6 7. b4 cxd4 8. cxd4
Nf5 9. Be3 f6 10. exf6 gxf6 11. Nc3 Nxe3 12. fxe3 Bh6 13. e4 dxe4 14. Nxe4 O-O
15. Bc4 Kh8 16. O-O Nxd4 17. Nxd4 Be3+ 18. Kh1 Bxd4 19. Rb1 e5 20. Ng5 f5 21.
Rb3 f4 22. Nf7+ Kg7 23. Qh5 Qg6 24. Qh4 Rxf7 25. Bxf7 Qxf7 26. Rg3+ fxg3 27.
Qg5+ Qg6 28. Qe7+ Kh6 29. Qh4+ Kg7 30. Qe7+ Kh6 31. Qh4+ Kg7 32. Qe7+ Kh6
1/2-1/2

[Event "Team men HL chess 2018"]
[Site "Sochi"]
[Date "2018.05.09"]
[Round "8.2"]
[White "Ozgibcev, Anatoly"]
[Black "Novikov, Maxim"]
[Result "1/2-1/2"]
[WhiteElo "2376"]
[BlackElo "2488"]
[PlyCount "76"]
[EventDate "2018.05.01"]

1. e4 d6 2. d4 Nf6 3. Nc3 e5 4. dxe5 dxe5 5. Qxd8+ Kxd8 6. Bg5 c6 7. O-O-O+ Ke8
8. f4 Nbd7 9. fxe5 Ng4 10. e6 fxe6 11. Nh3 Be7 12. Bxe7 Kxe7 13. Be2 Ndf6 14.
Bxg4 Nxg4 15. Rd2 Ne5 16. Rf1 Bd7 17. Ng1 Rhf8 18. Rdf2 Rxf2 19. Rxf2 Rd8 20.
Nf3 Rf8 21. Nd1 Nxf3 22. Rxf3 Rxf3 23. gxf3 e5 24. Kd2 Be6 25. a3 g5 26. Nf2 h5
27. Nd3 Kd6 28. Ke3 Bc4 29. Nf2 Be6 30. Nh1 h4 31. Nf2 c5 32. c3 c4 33. Kd2 b6
34. Ke3 Kc5 35. Kd2 Kd6 36. Ke3 Kc5 37. Kd2 Kd6 38. Ke3 Kc5 1/2-1/2

[Event "Team men HL chess 2018"]
[Site "Sochi"]
[Date "2018.05.09"]
[Round "8.3"]
[White "Sadovsky, Artem"]
[Black "Dilmukhametov, Artur"]
[Result "1-0"]
[WhiteElo "2393"]
[BlackElo "2348"]
[PlyCount "69"]
[EventDate "2018.05.01"]

1. d4 d5 2. Nf3 Nf6 3. c4 c6 4. e3 g6 5. Nc3 Bg7 6. Bd3 O-O 7. Ne5 Nbd7 8. f4
c5 9. O-O cxd4 10. exd4 dxc4 11. Bxc4 Nb6 12. Bb3 Nbd5 13. Qf3 e6 14. g4 Qb6
15. Rd1 Ne7 16. Be3 Nfd5 17. Bf2 Nxc3 18. bxc3 Nc6 19. f5 exf5 20. Nxf7 Rxf7
21. Bxf7+ Kxf7 22. Qd5+ Kf8 23. Bg3 Ne7 24. Bd6 Bf6 25. g5 Bxg5 26. Re1 Bf6 27.
Re2 Qc6 28. Qxc6 bxc6 29. Rae1 Kf7 30. Bxe7 Ba6 31. Re6 Bg7 32. Rxc6 Bb5 33.
Rc7 Kg8 34. d5 Bh6 35. c4 1-0

[Event "Team men HL chess 2018"]
[Site "Sochi"]
[Date "2018.05.09"]
[Round "8.4"]
[White "Pogromsky, Mikhail"]
[Black "Shkurkin, Andrey"]
[Result "1-0"]
[WhiteElo "2416"]
[BlackElo "2239"]
[PlyCount "57"]
[EventDate "2018.05.01"]

1. Nf3 c5 2. c4 Nc6 3. Nc3 g6 4. e3 Nf6 5. b3 Bg7 6. Bb2 O-O 7. Rc1 e5 8. d3 d5
9. cxd5 Nxd5 10. Be2 b6 11. O-O Ba6 12. Qd2 Qd7 13. Rfd1 Rad8 14. a3 f5 15. Qc2
Nxc3 16. Bxc3 f4 17. b4 cxb4 18. axb4 Bb5 19. d4 Bxe2 20. Qxe2 fxe3 21. dxe5
exf2+ 22. Kf1 Qg4 23. h3 Rxd1+ 24. Rxd1 Qf4 25. Bd2 Nd4 26. Qc4+ Qf7 27. Qxd4
Qb3 28. Bg5 Kh8 29. Bf6 1-0

[Event "Team men HL chess 2018"]
[Site "Sochi"]
[Date "2018.05.09"]
[Round "8.1"]
[White "Alexeev, Alexey"]
[Black "Chigaev, Maksim"]
[Result "0-1"]
[WhiteElo "2287"]
[BlackElo "2565"]
[PlyCount "80"]
[EventDate "2018.05.01"]

1. e4 g6 2. d4 Bg7 3. Nf3 d6 4. Nc3 Nf6 5. Be2 O-O 6. O-O Nbd7 7. Bg5 h6 8. Be3
e5 9. dxe5 dxe5 10. Nd2 Qe7 11. a4 Nc5 12. f3 Ne6 13. Bc4 c6 14. Ne2 Nh5 15.
Nb3 Rd8 16. Qc1 Nef4 17. Nxf4 Nxf4 18. Kh1 Qb4 19. Nd2 Rxd2 20. Bxf7+ Kxf7 21.
Bxd2 Qd6 22. g3 Ne2 23. Qd1 Nd4 24. Be3 Qe6 25. f4 Kg8 26. c3 Nb3 27. Qd8+ Kh7
28. Rae1 exf4 29. Bxf4 Qg8 30. Qe7 Bh3 31. Rf2 Re8 32. Qxb7 Nc5 33. Qxa7 Nd3
34. Rfe2 Nxe1 35. Rxe1 Qc4 36. Kg1 Rxe4 37. Kf2 Rxe1 38. Kxe1 Bg4 39. Qe7 Qxa4
40. h3 Qa1+ 0-1

[Event "Team men HL chess 2018"]
[Site "Sochi"]
[Date "2018.05.09"]
[Round "8.2"]
[White "Zhurikhin, Alexander"]
[Black "Truskavetsky, Alexandr"]
[Result "1/2-1/2"]
[WhiteElo "2371"]
[BlackElo "2387"]
[PlyCount "89"]
[EventDate "2018.05.01"]

1. Nf3 Nf6 2. g3 g6 3. b3 Bg7 4. Bb2 c5 5. Bg2 Nc6 6. c4 d6 7. d4 cxd4 8. Nxd4
Bd7 9. Nc3 Qc8 10. h4 h5 11. Rc1 Ne5 12. Nd5 Nxd5 13. cxd5 Qd8 14. O-O O-O 15.
Rc2 Qb6 16. Qa1 Rac8 17. Rfc1 Rxc2 18. Rxc2 Rc8 19. e3 Nd3 20. Rxc8+ Bxc8 21.
Bc3 Qc5 22. Ne2 Ne5 23. Bd4 Qc2 24. Qc1 Qxe2 25. Qxc8+ Kh7 26. Bxe5 Bxe5 27.
Qxb7 Qxa2 28. Qxe7 Kg7 29. Qb7 Qb1+ 30. Bf1 a5 31. Qb5 Qe1 32. Kg2 Qb4 33. Qd3
Qc3 34. Qd1 Qa1 35. Qd2 Qc3 36. Qa2 Qa1 37. Qe2 Qc3 38. Qa6 Qxb3 39. Qxa5 Bc3
40. Qa8 Qb2 41. Qa6 Be1 42. Be2 Qf6 43. f4 Qb2 44. Kf3 Bb4 45. Qd3 1/2-1/2

[Event "Team men HL chess 2018"]
[Site "Sochi"]
[Date "2018.05.09"]
[Round "8.3"]
[White "Pervakov, Sergey"]
[Black "Aminov, Andrey"]
[Result "1/2-1/2"]
[WhiteElo "2119"]
[BlackElo "2296"]
[PlyCount "102"]
[EventDate "2018.05.01"]

1. e4 g6 2. d4 Bg7 3. Nf3 d6 4. Nc3 a6 5. a4 Nf6 6. Be2 O-O 7. O-O Nc6 8. a5
Bg4 9. Be3 e5 10. d5 Ne7 11. h3 Bd7 12. Nd2 Ne8 13. Nc4 f5 14. exf5 Nxf5 15.
Qd2 Nxe3 16. Nxe3 Bh6 17. Qd3 Bf5 18. Ne4 Nf6 19. Nxf5 gxf5 20. Ng3 e4 21. Qd4
Qd7 22. Ra3 Bf4 23. Rb3 Be5 24. Qc4 Rab8 25. f4 exf3 26. Rfxf3 f4 27. Ne4 Nxe4
28. Qxe4 Kh8 29. Rf1 Qg7 30. Bg4 Bxb2 31. Rxf4 Rxf4 32. Qxf4 Rf8 33. Qe4 Qg5
34. Re3 Be5 35. Qd3 Qf4 36. Rf3 Qc1+ 37. Kf2 Rxf3+ 38. Bxf3 Qf4 39. Ke2 Bd4 40.
Qb3 b6 41. Qd3 bxa5 42. g3 Qe5+ 43. Be4 a4 44. Qf3 Qf6 45. Qxf6+ Bxf6 46. c4 a3
47. Bb1 h5 48. Kf3 Kg7 49. Ke4 Be5 50. g4 hxg4 51. hxg4 Kf6 1/2-1/2

[Event "Team men HL chess 2018"]
[Site "Sochi"]
[Date "2018.05.09"]
[Round "8.1"]
[White "Shemyakin, Valeriy"]
[Black "Safarian, Armen"]
[Result "1-0"]
[WhiteElo "2266"]
[BlackElo "2144"]
[PlyCount "119"]
[EventDate "2018.05.01"]

1. d4 Nf6 2. Bg5 e6 3. e4 h6 4. Bxf6 Qxf6 5. Nf3 d6 6. c3 Nc6 7. Nbd2 Bd7 8.
Bd3 g5 9. h3 Bg7 10. Qe2 Qe7 11. Nc4 f5 12. O-O-O fxe4 13. Bxe4 O-O-O 14. Bxc6
Bxc6 15. Na5 Ba4 16. Rde1 Rde8 17. Qe4 d5 18. Qe3 Rhf8 19. Nb3 b6 20. Qd3 Qd7
21. Re3 h5 22. Qg6 g4 23. hxg4 hxg4 24. Qxg4 Rg8 25. Ng5 Bf6 26. f4 e5 27.
Qxd7+ Bxd7 28. Nh7 Rh8 29. dxe5 Bf5 30. Nxf6 Rxh1+ 31. Kd2 Rf8 32. Nd4 Be4 33.
Nxe4 dxe4 34. Rxe4 Rg1 35. e6 Rxg2+ 36. Ke3 Rg3+ 37. Kf2 Rg7 38. e7 Re8 39. Nf5
Rg6 40. Kf3 Kd7 41. Re2 Rf6 42. Rd2+ Kc8 43. Rd5 a6 44. Ke4 Rg6 45. Ke5 Rc6 46.
Rd3 Rg6 47. c4 Rc6 48. b3 Rg6 49. b4 Rh8 50. b5 axb5 51. cxb5 Re8 52. Rd5 Rh8
53. Nd4 Re8 54. Nc6 Rgg8 55. f5 Kb7 56. Ke6 Rg1 57. Kd7 Rgg8 58. Rd3 Rh8 59. f6
Ra8 60. Nd8+ 1-0

[Event "Team men HL chess 2018"]
[Site "Sochi"]
[Date "2018.05.09"]
[Round "8.2"]
[White "Nazaretyan, Tigran"]
[Black "Kurbedinov, Ramis"]
[Result "1-0"]
[WhiteElo "2302"]
[BlackElo "2309"]
[PlyCount "171"]
[EventDate "2018.05.01"]

1. d4 Nf6 2. c4 e6 3. Nf3 Bb4+ 4. Bd2 Qe7 5. Nc3 b6 6. g3 Bb7 7. Bg2 Ne4 8.
Nxe4 Bxe4 9. O-O Bxd2 10. Qxd2 d6 11. Qe3 Bb7 12. Qd3 Nd7 13. e4 O-O 14. Rfe1
a5 15. b3 Rae8 16. a3 e5 17. d5 Nc5 18. Qc3 a4 19. b4 Nb3 20. Ra2 Bc8 21. Nd2
Nd4 22. Nf3 Nb3 23. Nh4 Qg5 24. Qe3 h6 25. Bf3 f5 26. exf5 Bxf5 27. Qxg5 hxg5
28. Nxf5 Rxf5 29. Bg4 Rf6 30. Bd7 Ra8 31. Bc6 Ra7 32. Re4 Nd4 33. Bd7 Rf3 34.
Re3 Rf6 35. Kg2 Ra8 36. Re4 Kh7 37. Rd2 Rd8 38. Bg4 Rdf8 39. Bd1 Kg6 40. Rg4
Nf3 41. Re2 Kh6 42. Rge4 g6 43. Ra2 Nd4 44. Bxa4 Rf3 45. Re3 Rxe3 46. fxe3 Nf5
47. Kf3 e4+ 48. Kxe4 Ne7 49. Bd7 Rf1 50. a4 Ng8 51. Kd3 Nf6 52. Bc8 Rd1+ 53.
Kc2 Re1 54. Ra3 Ne4 55. Kd3 Nf2+ 56. Kd2 Rb1 57. a5 bxa5 58. bxa5 Rb8 59. Bd7
Ne4+ 60. Kc2 Ra8 61. Bc6 Ra7 62. Kd3 Nc5+ 63. Ke2 g4 64. Bb5 Kg5 65. a6 Kf6 66.
Ra1 Ke5 67. Rf1 Ra8 68. Rf4 Nxa6 69. Rxg4 Nc5 70. Rxg6 Ra2+ 71. Kf3 Rxh2 72.
Rg7 Nd3 73. Rxc7 Rf2+ 74. Kg4 Kf6 75. Kh3 Ne5 76. Rc8 Nf3 77. Rf8+ Kg5 78. Rg8+
Kf6 79. c5 dxc5 80. d6 Rh2+ 81. Kg4 Ne5+ 82. Kf4 Ng6+ 83. Ke4 Rh8 84. Rxh8 Nxh8
85. Be8 Ke6 86. d7 1-0

[Event "Team men HL chess 2018"]
[Site "Sochi"]
[Date "2018.05.09"]
[Round "8.3"]
[White "Derjabin, Ilja"]
[Black "Tenikashvili, Georgij"]
[Result "0-1"]
[WhiteElo "2360"]
[BlackElo "2294"]
[PlyCount "122"]
[EventDate "2018.05.01"]

1. Nf3 d5 2. g3 Bg4 3. c4 dxc4 4. Bg2 c6 5. Na3 Nd7 6. Nxc4 Ngf6 7. O-O e6 8.
d4 Be7 9. Qb3 Nb6 10. Na5 Rb8 11. Ne5 Nbd5 12. Nxg4 Qxa5 13. Nxf6+ Bxf6 14. e4
Nb6 15. Be3 Rd8 16. Rfd1 Qa4 17. Rac1 Qxb3 18. axb3 O-O 19. Ra1 Nc8 20. d5 exd5
21. exd5 cxd5 22. Bxd5 b6 23. Bb7 Nd6 24. Bc6 Nf5 25. Rxd8 Rxd8 26. Rxa7 Nxe3
27. fxe3 g6 28. Rb7 Bxb2 29. Rxb6 Bc1 30. Kf2 Rd2+ 31. Kf3 Rd3 32. Rb8+ Kg7 33.
b4 Bxe3 34. Ke4 Rc3 35. b5 f5+ 36. Kd5 Bg1 37. b6 Bxh2 38. b7 Bxg3 39. Rc8 Rb3
40. Kc4 Rb1 41. Bb5 h5 42. Rd8 Rc1+ 43. Kb3 Re1 44. Rd3 Bf4 45. Bc6 Rb1+ 46.
Kc4 Rb2 47. Bb5 Kf6 48. Rd8 Kg5 49. b8=Q Bxb8 50. Rxb8 h4 51. Rh8 Kg4 52. Bc6
Rc2+ 53. Kd5 h3 54. Ba4 Rd2+ 55. Ke5 h2 56. Bc6 f4 57. Ke4 Kg3 58. Rh6 Rd6 59.
Bd5 f3 60. Ke5 Rxd5+ 61. Kxd5 g5 0-1

[Event "Team men HL chess 2018"]
[Site "Sochi"]
[Date "2018.05.09"]
[Round "8.4"]
[White "Mumdgan, Suren"]
[Black "Shemeakin, Alexander"]
[Result "1-0"]
[WhiteElo "2116"]
[BlackElo "2263"]
[PlyCount "57"]
[EventDate "2018.05.01"]

1. d4 d5 2. c4 c6 3. Nc3 Nf6 4. Nf3 a6 5. cxd5 cxd5 6. Bg5 Ne4 7. Bf4 Nc6 8.
Qb3 e6 9. e3 Nxc3 10. bxc3 Bd6 11. Bxd6 Qxd6 12. c4 dxc4 13. Bxc4 Bd7 14. Qxb7
Ke7 15. Qb2 Na5 16. Bd3 Rhc8 17. O-O Rab8 18. Qe2 Bb5 19. Rab1 Qd5 20. e4 Bxd3
21. Qxd3 Qxa2 22. Rxb8 Rxb8 23. Qxa6 Rb1 24. Qa7+ Kf6 25. g3 Rxf1+ 26. Kxf1
Qc4+ 27. Kg2 Nc6 28. Qc7 Qb5 29. d5 1-0

[Event "Team men HL chess 2018"]
[Site "Sochi"]
[Date "2018.05.09"]
[Round "8.1"]
[White "Pavlov, Oleg"]
[Black "Babarykin, Stanislav"]
[Result "0-1"]
[WhiteElo "2145"]
[BlackElo "2379"]
[PlyCount "144"]
[EventDate "2018.05.01"]

1. d4 d5 2. c4 e6 3. Nc3 c6 4. Nf3 dxc4 5. a4 Bb4 6. e3 b5 7. Bd2 a5 8. axb5
Bxc3 9. Bxc3 cxb5 10. b3 Bb7 11. d5 Nf6 12. bxc4 O-O 13. cxb5 Nxd5 14. Bd4 Nd7
15. Be2 Qe7 16. O-O Rfc8 17. Qd2 Nc5 18. Qb2 a4 19. Nd2 e5 20. Bxe5 a3 21. Qd4
Ra4 22. Bc4 Nb3 23. Bxb3 Rxd4 24. Bxd4 Nc3 25. Bc4 Ne4 26. Nxe4 Rxc4 27. f3 Rc2
28. Ng3 f6 29. Rfc1 Qc7 30. Ne2 Qc4 31. Rxc2 Qxc2 32. Nc3 h5 33. b6 g5 34. Bxf6
g4 35. Ra2 Qd3 36. Bd4 gxf3 37. g3 h4 38. Kf2 hxg3+ 39. hxg3 Qh7 40. e4 Bxe4
41. Rxa3 Qh2+ 42. Ke1 Qc2 43. b7 Qc1+ 44. Nd1 Bxb7 45. Rd3 Ba6 46. Rd2 Be2 47.
Rxe2 fxe2 48. Kxe2 Qc4+ 49. Ke3 Qe6+ 50. Kd2 Qd6 51. Kd3 Qg6+ 52. Kc4 Qa6+ 53.
Kc3 Qa3+ 54. Kd2 Qxg3 55. Ne3 Qf3 56. Kd3 Kf7 57. Kc4 Qe4 58. Kc3 Ke6 59. Nc2
Kf5 60. Ne3+ Kf4 61. Kc4 Qc6+ 62. Kd3 Qg6+ 63. Kc4 Ke4 64. Bc5 Qg1 65. Nc2 Qg8+
66. Kc3 Qc8 67. Kc4 Qa8 68. Nd4 Qg8+ 69. Kc3 Kd5 70. Nb3 Qg3+ 71. Kc2 Qg2+ 72.
Kc3 Qf1 0-1

[Event "Team men HL chess 2018"]
[Site "Sochi"]
[Date "2018.05.09"]
[Round "8.2"]
[White "Meshkov, Yuri A"]
[Black "Poliakov, Artem"]
[Result "1-0"]
[WhiteElo "2315"]
[BlackElo "2105"]
[PlyCount "105"]
[EventDate "2018.05.01"]

1. d4 d6 2. e4 Nf6 3. Nc3 g6 4. Bf4 c6 5. Qd2 b5 6. Bd3 h5 7. h4 Nbd7 8. Nf3
Qc7 9. e5 b4 10. Ne4 Nd5 11. e6 fxe6 12. Neg5 Rg8 13. Nxe6 Qa5 14. Nxf8 Nxf8
15. Bg3 Bg4 16. Ng5 Nc7 17. O-O Nfe6 18. Nxe6 Bxe6 19. a3 Rb8 20. Rfe1 Kd7 21.
b3 a6 22. axb4 Qxb4 23. Qe3 Rg7 24. Rxa6 Bf5 25. Ra4 Qb6 26. Bf4 Bxd3 27. Qxd3
Qb5 28. Qe3 Rb7 29. Bg5 Qf5 30. Qd2 Qb5 31. Re4 Rf7 32. Qe1 e6 33. Qd2 Rb6 34.
Re3 Ra6 35. c4 Qb7 36. Qa2 Rf5 37. Rg3 Rxa4 38. bxa4 c5 39. dxc5 Rxc5 40. Be3
Rc6 41. Rxg6 Qb4 42. Bd2 Qxc4 43. Qb2 e5 44. Rg7+ Kc8 45. Rh7 Qg4 46. Rh8+ Kd7
47. Qb8 Rc4 48. Rh7+ Ke6 49. Bg5 Qd1+ 50. Kh2 Qc2 51. Qg8+ Kf5 52. Rxh5 Ke4 53.
Qh7+ {çàïèñü íåðàçáîð~~èâà} 1-0

[Event "Team men HL chess 2018"]
[Site "Sochi"]
[Date "2018.05.09"]
[Round "8.3"]
[White "Mutovin, Egor"]
[Black "Suslov, Evgeniy"]
[Result "1/2-1/2"]
[WhiteElo "1929"]
[BlackElo "2305"]
[PlyCount "306"]
[EventDate "2018.05.01"]

1. d4 Nf6 2. c4 g6 3. Nc3 Bg7 4. e4 O-O 5. Nf3 d6 6. Be2 e5 7. O-O Nc6 8. d5
Ne7 9. b4 Ne8 10. c5 f5 11. Nd2 Nf6 12. Bf3 f4 13. Nc4 g5 14. h3 Ng6 15. cxd6
cxd6 16. Nb5 Ne8 17. Bg4 a6 18. Nba3 b5 19. Na5 Nf6 20. Bxc8 Rxc8 21. f3 h5 22.
Bd2 g4 23. Rc1 Qd7 24. Qe2 Kf7 25. Rc6 gxh3 26. gxh3 Rxc6 27. Nxc6 Qxh3 28. Qg2
Qg3 29. Be1 Qxg2+ 30. Kxg2 Ne7 31. Nxe7 Kxe7 32. Rf2 Rc8 33. Rc2 Rxc2+ 34. Nxc2
Nd7 35. Bf2 Bf6 36. Kh3 Kf7 37. Kg2 Bd8 38. Kf1 Bb6 39. Bh4 Ke8 40. Ke2 Bd8 41.
Bf2 Bc7 42. Kf1 Bb6 43. Bh4 Nf8 44. Kg2 Ng6 45. Be1 Kf7 46. Kh3 Nf8 47. Kg2 Nd7
48. Kf1 Bd8 49. Bf2 Nf8 50. Kg2 Kg6 51. Kh3 Nh7 52. Kg2 Kf7 53. Kh3 Nf8 54. Kg2
Ke8 55. Kh3 Ng6 56. Kg2 Kd7 57. Kh3 Kc8 58. Kg2 Kb7 59. Kh3 Nf8 60. Bh4 Bc7 61.
Be1 Ng6 62. Bh4 Bb6 63. Be1 Bd4 64. Kg2 Kc7 65. Kf1 Kd7 66. Kg2 Ke7 67. Kh3 Kf7
68. Bh4 Nf8 69. Kg2 Nd7 70. Kf1 Ba7 71. Kg2 Bb6 72. Kf1 Bd4 73. Ke2 Bc3 74. Kd3
Bb2 75. Bf2 Nf8 76. Ke2 Ng6 77. Kf1 Bc3 78. Kg2 Kf6 79. Kf1 Ke7 80. Kg2 Kd7 81.
Kh3 Kc7 82. Kg2 Kb7 83. Kh3 a5 84. a3 Ka6 85. Kg2 axb4 86. axb4 Kb7 87. Kh3 Kc8
88. Kg2 Kd7 89. Kh3 Ke7 90. Bb6 Bb2 91. Bf2 Kf6 92. Bb6 Kf7 93. Bf2 Bc3 94. Bb6
Bd2 95. Bf2 Nh8 96. Kh4 Kg6 97. Kh3 Nf7 98. Kg2 Bc3 99. Kh3 Ng5+ 100. Kg2 Nh7
101. Bh4 Kf7 102. Bf2 Nf8 103. Kh3 Nd7 104. Ba7 Kg6 105. Kh4 Kh6 106. Kh3 Kg5
107. Kg2 Bd2 108. Kh3 Kf6 109. Kh4 Kg6 110. Kh3 Kg5 111. Kg2 Kh6 112. Kh3 Kg6
113. Kh4 Nf6 114. Kh3 Nh7 115. Kg2 Ng5 116. Bf2 Nh7 117. Bb6 Ng5 118. Bf2 Nf7
119. Bb6 h4 120. Bc7 Kh5 121. Bb8 Bc3 122. Bc7 Ng5 123. Bxd6 h3+ 124. Kh2 Nxf3+
125. Kxh3 Ng5+ 126. Kg2 Nxe4 127. Be7 Kg6 128. Kf3 Nf6 129. Bxf6 Kxf6 130. Ke4
Bb2 131. Ne1 Ke7 132. Nc2 Kd6 133. Ne1 Bc3 134. Nc2 Bb2 135. Ne1 f3 136. Nxf3
Bc3 137. Ng5 Bxb4 138. Nf7+ Kc5 139. Nxe5 Ba5 140. Kd3 Kxd5 141. Nf3 Bb6 142.
Kc3 Ba5+ 143. Kb3 Ke4 144. Ng5+ Kf5 145. Nf3 Ke4 146. Ng5+ Kd5 147. Nf3 Kc5
148. Ne5 Bd2 149. Nd3+ Kd4 150. Nb4 Bf4 151. Nc2+ Kc5 152. Na3 Bc1 153. Nxb5
Kxb5 1/2-1/2

[Event "Team men HL chess 2018"]
[Site "Sochi"]
[Date "2018.05.09"]
[Round "8.4"]
[White "Komissarov, Alexey"]
[Black "Zhukov, Ivan"]
[Result "1-0"]
[WhiteElo "2197"]
[BlackElo "2097"]
[PlyCount "93"]
[EventDate "2018.05.01"]

1. d4 Nf6 2. Bf4 g6 3. Nc3 Bg7 4. Qd2 O-O 5. Bh6 d6 6. Bxg7 Kxg7 7. O-O-O Nc6
8. d5 Nb4 9. e4 a5 10. f4 e6 11. a3 Na6 12. dxe6 Bxe6 13. Nf3 Qe7 14. e5 dxe5
15. fxe5 Nd7 16. h4 h5 17. Nd5 Bxd5 18. Qxd5 Ndc5 19. Bxa6 Rxa6 20. Ng5 Raa8
21. Rhf1 Rad8 22. Rxf7+ Rxf7 23. Qxd8 Qxd8 24. Rxd8 Re7 25. Rd5 b6 26. b4 axb4
27. axb4 Ne6 28. Nxe6+ Rxe6 29. Rd7+ Kh6 30. Rxc7 Rxe5 31. Rc6 Re2 32. Rxb6
Rxg2 33. Rb8 Rg4 34. b5 Rxh4 35. b6 Rb4 36. b7 Kg5 37. c3 Rb6 38. c4 h4 39. c5
Rb5 40. c6 Rc5+ 41. Kd2 Rxc6 42. Rc8 Rb6 43. b8=Q Rxb8 44. Rxb8 Kg4 45. Ke3 h3
46. Kf2 g5 47. Rh8 1-0

[Event "Team men HL chess 2018"]
[Site "Sochi"]
[Date "2018.05.09"]
[Round "8.2"]
[White "Grigorjev, Iljya"]
[Black "Golubev, Roman"]
[Result "1/2-1/2"]
[WhiteElo "2318"]
[BlackElo "2391"]
[PlyCount "193"]
[EventDate "2018.05.01"]

1. b3 e5 2. Bb2 Nc6 3. e3 Nf6 4. Bb5 Bd6 5. Na3 Na5 6. Be2 a6 7. c4 O-O 8. Nc2
Nc6 9. d4 Re8 10. d5 Nb4 11. a3 Nxc2+ 12. Qxc2 e4 13. Bd4 Be5 14. Qc3 d6 15.
Bd1 Bxd4 16. Qxd4 Nd7 17. Bc2 b5 18. cxb5 axb5 19. Ne2 Nf6 20. Nc3 Re5 21. b4
Qe7 22. h3 Bd7 23. Ke2 Re8 24. a4 bxa4 25. Bxa4 Bxa4 26. Rxa4 Nd7 27. Ra7 Qg5
28. g4 Nf6 29. Rxc7 h5 30. Qa7 Rf8 31. b5 Nxd5 32. Nxd5 Rxd5 33. Rhc1 Qf6 34.
Rc8 Qf3+ 35. Ke1 Rxc8 36. Rxc8+ Kh7 37. Rh8+ Kg6 38. gxh5+ Kf6 39. Qa1+ Kf5 40.
Ra8 Qh1+ 41. Ke2 Qf3+ 42. Ke1 Rxb5 43. Ra5 Qh1+ 44. Ke2 Qxa1 45. Rxa1 Kg5 46.
Ra6 Rd5 47. Ra7 Rf5 48. Ra6 Rf6 49. Ra5+ Kh4 50. Kf1 Kxh3 51. Rg5 Kh4 52. Rxg7
Kxh5 53. Rg8 Rg6 54. Rf8 f6 55. Rf7 Kg5 56. Rd7 f5 57. Rf7 Re6 58. f3 Kg6 59.
Ra7 Kf6 60. Kf2 Re7 61. Ra6 Ke6 62. Kg3 Ke5 63. Ra5+ d5 64. fxe4 fxe4 65. Kf2
Rf7+ 66. Ke2 Rh7 67. Ra8 Kd6 68. Ra6+ Kc5 69. Ra5+ Kc6 70. Ra8 Rh2+ 71. Ke1 Kc5
72. Ra5+ Kc4 73. Ra4+ Kb5 74. Rd4 Kc5 75. Ra4 Rb2 76. Rd4 Rb5 77. Ke2 Rb2+ 78.
Ke1 Kd6 79. Ra4 Rb5 80. Ke2 Ke5 81. Ra8 Rb2+ 82. Ke1 Kf5 83. Rf8+ Kg4 84. Rf4+
Kg3 85. Rf5 Rh2 86. Rf4 Rh5 87. Rf8 Kg4 88. Ke2 Rf5 89. Rxf5 Kxf5 90. Kf1 Ke5
91. Ke1 Kd6 92. Kd2 Kc7 93. Kc1 Kb7 94. Kb1 Ka7 95. Kc2 Ka6 96. Kc3 Kb6 97. Kb2
1/2-1/2

[Event "Team men HL chess 2018"]
[Site "Sochi"]
[Date "2018.05.09"]
[Round "8.3"]
[White "Kuzub, Pavel"]
[Black "Grachev, Andrey"]
[Result "1/2-1/2"]
[WhiteElo "2033"]
[BlackElo "2189"]
[PlyCount "76"]
[EventDate "2018.05.01"]

1. e4 e6 2. d4 d5 3. Bd3 c5 4. exd5 Qxd5 5. Nc3 Qd8 6. Nf3 Nf6 7. Bg5 Be7 8.
dxc5 O-O 9. Qe2 Nbd7 10. Rd1 Qa5 11. O-O Nxc5 12. Bc4 Qb6 13. Rb1 a6 14. Ne5
Rd8 15. Bf4 a5 16. Rfe1 Bd7 17. a4 Be8 18. Bb5 Bxb5 19. axb5 Nd5 20. Nc4 Nxf4
21. Nxb6 Nxe2+ 22. Rxe2 Rab8 23. Ra1 Bf6 24. g3 Rd4 25. Nba4 Nxa4 26. Rxa4 Rxa4
27. Nxa4 Rd8 28. Kg2 Kf8 29. c3 Rd1 30. Re4 Rd5 31. b6 Bd8 32. Rc4 Ke8 33. Rc8
Kd7 34. Rb8 Kc6 35. Rc8+ Kd7 36. Rb8 Kc6 37. Rc8+ Kd7 38. Rb8 Kc6 1/2-1/2

[Event "Team men HL chess 2018"]
[Site "Sochi"]
[Date "2018.05.09"]
[Round "8.4"]
[White "Ajrapetian, Gevorg"]
[Black "Alieva, Alexandra"]
[Result "0-1"]
[WhiteElo "2398"]
[BlackElo "2089"]
[PlyCount "120"]
[EventDate "2018.05.01"]

1. e4 e5 2. Nf3 Nc6 3. Bc4 Bc5 4. d3 Nf6 5. O-O d6 6. c3 Bb6 7. Nbd2 Ne7 8. Re1
Ng6 9. Nf1 O-O 10. h3 h6 11. Ng3 c6 12. Bb3 Qc7 13. d4 Re8 14. Qd3 Bd7 15. Bd2
Rad8 16. Rad1 Bc8 17. Qb1 d5 18. exd5 cxd5 19. dxe5 Nxe5 20. Nd4 Nc4 21. Bc1 a6
22. Bc2 Ba7 23. Ngf5 Ne5 24. Be3 Bb8 25. g3 Ng6 26. Qc1 Ne4 27. Bxh6 gxh6 28.
Qxh6 Qe5 29. Bxe4 dxe4 30. Rxe4 Qf6 31. Rxe8+ Rxe8 32. Ne3 Be5 33. h4 Rd8 34.
Nec2 Be6 35. Re1 Bd5 36. h5 Ne7 37. Qxf6 Bxf6 38. f4 Nc6 39. g4 Bxd4+ 40. Nxd4
Nxd4 41. cxd4 Bf3 42. Re5 Kh7 43. Re7 Kg7 44. h6+ Kxh6 45. Rxf7 Rxd4 46. Rf6+
Kg7 47. g5 Rd2 48. b4 Rxa2 49. Kf1 Rb2 50. f5 Rxb4 51. Rg6+ Kf7 52. Rf6+ Ke7
53. Re6+ Kd7 54. g6 Rg4 55. Kf2 Bd5 56. Re5 Kd6 57. Re8 Rf4+ 58. Ke3 Rxf5 59.
g7 Re5+ 60. Rxe5 Kxe5 0-1

[Event "Team men HL chess 2018"]
[Site "Sochi"]
[Date "2018.05.10"]
[Round "9.1"]
[White "Kezin, Roman"]
[Black "Levin, Evgeny A"]
[Result "1/2-1/2"]
[WhiteElo "2445"]
[BlackElo "2528"]
[PlyCount "74"]
[EventDate "2018.05.01"]

1. d4 Nf6 2. c4 e6 3. g3 c5 4. d5 exd5 5. cxd5 d6 6. Nc3 g6 7. Bg2 Bg7 8. Nf3
O-O 9. O-O Re8 10. Bf4 Ne4 11. Nxe4 Rxe4 12. Nd2 Rxf4 13. gxf4 Bxb2 14. Rb1 Bg7
15. e4 Nd7 16. Qf3 b5 17. Rfe1 Qa5 18. Nb3 Qb6 19. e5 dxe5 20. Nd2 Qa5 21. Ne4
f5 22. fxe5 fxe4 23. Qxe4 Bb7 24. e6 Nf6 25. Qf4 Qa6 26. Qc7 Rf8 27. e7 Re8 28.
d6 Bxg2 29. Kxg2 Qa4 30. Qc6 Qg4+ 31. Kh1 a6 32. Qxc5 Qf3+ 33. Kg1 Qg4+ 34. Kh1
Qf3+ 35. Kg1 Qg4+ 36. Kh1 Qf3+ 37. Kg1 Qg4+ 1/2-1/2

[Event "Team men HL chess 2018"]
[Site "Sochi"]
[Date "2018.05.10"]
[Round "9.2"]
[White "Duzhakov, Ilya"]
[Black "Bublei, Pavel"]
[Result "1-0"]
[WhiteElo "2415"]
[BlackElo "2387"]
[PlyCount "71"]
[EventDate "2018.05.01"]

1. e4 c6 2. d4 d5 3. exd5 cxd5 4. Bd3 Nc6 5. c3 e5 6. dxe5 Nxe5 7. Qe2 Qe7 8.
Be3 Nxd3+ 9. Qxd3 Qc7 10. Qxd5 Ne7 11. Qe4 Bd7 12. Nf3 Bc6 13. Qf4 Qxf4 14.
Bxf4 Bxf3 15. gxf3 O-O-O 16. Nd2 Nd5 17. Be3 Re8 18. Ke2 f5 19. Kd3 Nxe3 20.
fxe3 Bc5 21. Rae1 Rd8+ 22. Kc2 Rhe8 23. e4 Re6 24. exf5 Rf6 25. Re5 Bd6 26. Ra5
a6 27. Ne4 Rh6 28. h4 Bc7 29. Rc5 b6 30. Rc4 Kb8 31. a4 Rf8 32. Ng5 Rxf5 33.
Re1 Be5 34. Ree4 Kb7 35. a5 Bf6 36. Nf7 1-0

[Event "Team men HL chess 2018"]
[Site "Sochi"]
[Date "2018.05.10"]
[Round "9.3"]
[White "Antonenko, Vladimir"]
[Black "Schekachikhin, Maksim"]
[Result "1/2-1/2"]
[WhiteElo "2343"]
[BlackElo "2400"]
[PlyCount "81"]
[EventDate "2018.05.01"]

1. d4 d5 2. c4 c6 3. Nf3 Nf6 4. Nc3 e6 5. e3 Nbd7 6. Bd3 dxc4 7. Bxc4 b5 8. Bd3
Bd6 9. O-O O-O 10. Ne2 Bb7 11. e4 e5 12. Bg5 exd4 13. Nexd4 Ne5 14. Bc2 h6 15.
Bh4 Ng6 16. Bg3 Bxg3 17. hxg3 Re8 18. Re1 Ng4 19. Nf5 Qb6 20. Qd4 N4e5 21. Qxb6
axb6 22. Nd6 Re7 23. Nxe5 Nxe5 24. Red1 Nc4 25. b4 Kf8 26. Nxb7 Rxb7 27. Bb3
Ke7 28. Rac1 c5 29. bxc5 bxc5 30. Bxc4 bxc4 31. Rxc4 Rxa2 32. Rxc5 g6 33. Rc3
Re2 34. Kf1 Rxe4 35. Re1 Rxe1+ 36. Kxe1 Rb2 37. g4 Kf6 38. Rc5 Ra2 39. Kf1 Ra4
40. f3 Ra2 41. Kg1 1/2-1/2

[Event "Team men HL chess 2018"]
[Site "Sochi"]
[Date "2018.05.10"]
[Round "9.4"]
[White "Vlasenko, Miroslav"]
[Black "Gubsky, Egor"]
[Result "1-0"]
[WhiteElo "2398"]
[BlackElo "2303"]
[PlyCount "109"]
[EventDate "2018.05.01"]

1. d4 Nf6 2. c4 e6 3. Nc3 Bb4 4. e3 O-O 5. Nge2 Re8 6. a3 Bf8 7. e4 e5 8. d5 a5
9. Ng3 Bc5 10. Bd3 d6 11. O-O Nbd7 12. Bg5 h6 13. Be3 Nf8 14. Na4 Bxe3 15. fxe3
Ng4 16. Qf3 Qf6 17. Nc3 Qxf3 18. gxf3 Nf6 19. Nb5 Re7 20. h4 h5 21. Kf2 g6 22.
Rfc1 b6 23. b4 Ba6 24. c5 bxc5 25. bxc5 Rb8 26. c6 Bxb5 27. Rab1 Ree8 28. Bxb5
Ra8 29. a4 Reb8 30. Nf1 Kg7 31. Nd2 Ng8 32. Bd3 Rb4 33. Rxb4 axb4 34. Ra1 Ne7
35. a5 Nc8 36. Ra4 Kf6 37. Nb3 Ke7 38. Rxb4 Kd8 39. Bf1 f5 40. Rb7 Nh7 41. exf5
gxf5 42. e4 Nf6 43. Ke3 Ne7 44. a6 Nc8 45. Na5 Nb6 46. a7 Nc8 47. Rb8 Rxa7 48.
Nb7+ Ke7 49. Rxc8 Ra3+ 50. Bd3 Ra2 51. Rxc7+ Kf8 52. Rc8+ Ke7 53. Bb1 Rb2 54.
Rc7+ Kf8 55. Nxd6 1-0